000 01879cam a22001814a 4500
005 20250605164143.0
008 250528s ||||||||||||||||||||||||d
035 _a19058
040 _aGR-AtMCL
_bgre
_dGR-AtMCL
_eAACR2
245 1 _aΕπιχειρησιακή Στατιστική / Θεωρία - Ασκήσεις - Εφαρμογές
260 _bΣταμούλης Α,
_c1996
300 _a432
520 _aΠρόλογος, Περιγραφική Στατιστική, Εισαγωγή, Στατιστικά Στοιχεία: Συλλογή Οργάνωση και Παρουσίαση, Στατιστικός Πληθυσμός και Κατανομή Συχνότητας, Στατιστικά Μέτρα Συμπύκνωσης των Δεδομένων: Παράμετροι Τάσης και Θέσης Διασποράς και Ασυμμετρίας και Κύρτωσης, Αριθμοδείκτες, Θεωρία Πιθανοτήτων, Οι Έννοιες της Πιθανότητας και Βασικές της Ιδιότητες, Τυχαίες Μεταβλητές και Κατανομές Πιθανότητας, Η Σχέση μεταξύ Δύο Τυχαίων Μεταβλητών, Θεωρητικά Στατιστικά Πρότυπα: Βασικές Διάκριτες και Συνεχείς Θεωρητικές Κατανομές Πιθανοτήτων, Επαγωγική Στατιστική, Δειγματοληψία και Κατανομές Δειγματοληψίας, Εκτίμηση Σημείου ή Διαστήματος Εμπιστοσύνης Πληθυσμιακών Παραμέτρων, Έλεγχος Υποθέσεων, Παράρτημα: Στατιστικοί Πίνακες, Βιβλιογραφία.
700 1 _aΘαλασσινός Λευτέρης
_93323
942 _cBK
999 _c4341
_d4341